| 000 | 00567nam a2200181 i 4500 | ||
|---|---|---|---|
| 001 | 130429 | ||
| 003 | ES-MaACL | ||
| 005 | 20230906193735.0 | ||
| 007 | t| | ||
| 008 | 070727s1964 sp ||||1| spa d | ||
| 100 | 1 |
_aZanghi, José. _9117974 |
|
| 245 | 1 | 0 |
_aDios vive aún en Rusia / _cJosé Zanghi ; [versión de Juan Moreno Jiménez]. |
| 260 |
_a[Bilbao] : _bEdiciones Paulinas, _c[1964] |
||
| 300 |
_a110 p. ; _c18 cm. |
||
| 650 | 4 |
_aPersecuciones religiosas- _zRusia. _915967 |
|
| 700 | 1 |
_aMoreno Jiménez, Juan. _983389 |
|
| 852 |
_aES-MaACL _jC-36230 _bR.68443 |
||
| 999 |
_c130429 _d130429 |
||